| 000 | 00359nam a2200157Ia 4500 | ||
|---|---|---|---|
| 999 |
_c48526 _d48526 |
||
| 003 | 0100 | ||
| 005 | 20180307145017.0 | ||
| 008 | 130303s9999 xx 000 0 und d | ||
| 040 | _cARRUPELIB | ||
| 050 | _aDT955.H6 1958 | ||
| 100 |
_aHolleman, J.F _940276 |
||
| 245 | _aAfrican interlude / | ||
| 260 |
_aCape Town _bNasionale Boekhandel _c1958 |
||
| 650 |
_aMashona _936265 |
||
| 700 |
_aJ.F Holleman _940277 |
||
| 942 |
_2lcc _cMONOGRAPH |
||